The Middle East and Central Asia : an anthropological approach
Αποθηκεύτηκε σε:
| Κύριος συγγραφέας: | |
|---|---|
| Μορφή: | Βιβλίο |
| Γλώσσα: | English |
| Δημοσίευση: |
New Jersey :
Prentice Hall,
c1998
|
| Έκδοση: | 3rd ed. |
| Θέματα: | |
| Ετικέτες: |
Προσθήκη ετικέτας
Δεν υπάρχουν, Καταχωρήστε ετικέτα πρώτοι!
|
MARC
| LEADER | 00000nam a2200000 i 4500 | ||
|---|---|---|---|
| 001 | 1/94173 | ||
| 008 | 991126s1998 eng d | ||
| 020 | |a 0-13-582289-0 | ||
| 035 | |l 10054699 | ||
| 040 | |a GR-MY-UA |b gre |e aacr | ||
| 041 | 0 | |a eng | |
| 082 | 0 | |a 306.0956 | |
| 100 | 1 | |a Eickelman, Dale F. | |
| 245 | 1 | 4 | |a The Middle East and Central Asia : |b an anthropological approach / |c Dale F. Eickelman |
| 250 | |a 3rd ed. | ||
| 260 | |a New Jersey : |b Prentice Hall, |c c1998 | ||
| 300 | |a xii, 388 σ.; |b εικ.; |c 23 εκ. | ||
| 500 | |a Rev. ed. of: The Middle East, 2nd ed. c1988 | ||
| 504 | |a Περιέχει βιβλιογραφικές παραπομπές και ευρετήριο | ||
| 650 | 0 | 0 | |a Ethnology |z Middle East. |
| 650 | 0 | 0 | |a Ethnology |z Africa, North. |
| 650 | 0 | 0 | |a Ethnology |z Asia, Central. |
| 651 | 0 | |a Middle East |x Social life and customs. | |
| 651 | 0 | |a Africa, North |x Social life and customs. | |
| 651 | 0 | |a Asia, Central |y Social life and customs. | |
| 852 | |a INST |b LESVOS |e 19991126 |h 306.0956 EIC |p 005100022126 |q 005100022126 |t BK |y 4 |x 20191031 | ||
| 901 | |a BIBL1-2000-1 | ||
| 909 | |a Λ |b 066922 | ||
| 922 | |a 1ΕΛΗ |b 199907 |c ΚΠΣ/ΤΚΑ |d ΠΑΠΑΣΩΤΗΡΙΟΥ | ||
| 950 | |a 117-1998-07-12 | ||
| 970 | |a ΤΖΑΦΕΡΗ |b ΕΥΑΓΓΕΛΙΑ |z 2000/01/21 | ||